| 000 | 01269cam a2200397 a 4500 | ||
|---|---|---|---|
| 001 | 13041068 | ||
| 003 | OSt | ||
| 005 | 20140310182902.0 | ||
| 008 | 021218s2002 ph b 001 0 eng | ||
| 010 | _a 2002359405 | ||
| 020 | _a9712712184 | ||
| 035 | _a(DLC) 2002359405 | ||
| 037 |
_bLibrary of Congress -- Jakarta Overseas Office _cP295.00 |
||
| 040 |
_aDLC _cDLC |
||
| 042 | _alcode | ||
| 043 | _aa-ph--- | ||
| 050 | 0 | 0 |
_aDS 668 _b.M385 2002 |
| 082 |
_aFIL 634.1524 .M385 2002 _b.M385 2002 |
||
| 100 | 1 |
_aMartinez, Manuel F. _q(Manuel Festin) |
|
| 245 | 1 | 0 |
_aAssassinations & conspiracies _bfrom Rajah Humabon to Imelda Marcos _cMartinez, Manuel F. |
| 246 | 3 | _aAssassinations and conspiracies | |
| 246 | 3 | 0 | _aFrom Rajah Humabon to Imelda Marcos |
| 260 |
_aManila _bAnvil _cc2002 |
||
| 300 |
_a201 p. _c22 cm. |
||
| 504 | _aIncludes bibliographical references (p. 192-193) and index. | ||
| 521 | _aCollege | ||
| 526 | _c1210L-1700L | ||
| 541 | _j1 | ||
| 562 | _e1 | ||
| 650 | 0 |
_aAssassination _zPhilippines. |
|
| 650 | 0 |
_aConspiracies _zPhilippines. |
|
| 651 | 0 |
_aPhilippines _xHistory. |
|
| 906 |
_a7 _bcbc _corigode _d3 _encip _f20 _gy-gencatlg |
||
| 942 |
_2lcc _cBK _kFIL |
||
| 999 |
_c17115 _d17115 |
||